| 000 | 00961cam a22003015a 4500 | ||
|---|---|---|---|
| 003 | EG-ScBUE | ||
| 005 | 20220203105818.0 | ||
| 008 | 080803s2002 le f 000 d eng d | ||
| 020 | _a9953105235 | ||
| 020 | _a9789953105235 | ||
| 040 |
_aEG-ScBUE _beng _erda _cEG-ScBUE _dEG-ScBUE |
||
| 082 | 0 | 4 |
_a822.912 _bSAH _222 |
| 100 | 1 |
_aShaw, Bernard, _d1856-1950, _eauthor. |
|
| 245 | 1 | 0 |
_aPygmalion : _bwith an introduction and summaries / _cGeorge Bernard Shaw. |
| 264 | 1 |
_aBeirut : _bYork Press, _c2002. |
|
| 300 |
_axxi, 151 pages ; _c20 cm. |
||
| 336 |
_2rdacontent _atext _btxt |
||
| 337 |
_2rdamedia _aunmediated _bn |
||
| 338 |
_2rdacarrier _avolume _bnc |
||
| 490 | 0 | _aYork classics | |
| 650 | 7 |
_aLinguistics teachers _vDrama. _2BUEsh |
|
| 650 | 7 |
_aFlower vending _vDrama. _2BUEsh |
|
| 650 | 7 |
_aMan-woman relationships _vDrama. _2BUEsh _935180 |
|
| 651 | _2BUEsh | ||
| 653 |
_cAugust2015 _bHHUUEENN |
||
| 655 |
_vReading book _934232 |
||
| 942 |
_cBB _2ddc |
||
| 999 |
_c10153 _d10153 |
||